Analýza spotreby teplej úžitkovej vody na sprchový kúpeľ /

Salvato in:
Dettagli Bibliografici
Autore principale: Tonhauzer, Ivan, 1960- (Autore)
Altri autori: Kucbel, Jozef (Relatore della tesi)
Natura: Libro
Lingua:slovacco
Pubblicazione: Bratislava: Stavebná fakulta STU - Katedra technických zariadení budov, 1993
Soggetti:
Tags: Aggiungi Tag
Nessun Tag, puoi essere il primo ad aggiungerne!!

MARC

LEADER 00000nam a22000003a 4500
001 0100554
003 SK-STU
005 20230209103812.4
007 ta
008 230209s ----xo-----e------000-0-----d
040 |a STU  |b slo 
041 0 |a slo  |h slo 
044 |a xo 
100 1 |a Tonhauzer, Ivan,  |d 1960-  |4 aut  |X 2733  |7 A000002733 
245 1 0 |a Analýza spotreby teplej úžitkovej vody na sprchový kúpeľ /  |c aut. Ivan Tonhauzer ; škol. Jozef Kucbel 
260 |a Bratislava:  |b Stavebná fakulta STU - Katedra technických zariadení budov,  |c 1993 
300 |a 156 s. 
650 0 7 |a teplá voda 
650 0 7 |a sprchový kúpeľ 
650 0 7 |a spotreba vody 
700 1 |a Kucbel, Jozef  |4 ths 
996 |b 284V037941  |c V* 3499/DP-1402  |l VVS  |s P  |a 0  |w 0100554_0001